000 00526nam a2200205Ia 4500
003 GCL
008 140319s9999 xx 000 0 eng d
040 _aGCL /
_cGCL
082 0 4 _a423.13
_bD A
100 1 _aDESOLA, RALPH
245 1 0 _aABBREVIATION DICTIONARY /
_cDESOLA, RALPH
700 1 _aSTAHL, DEAN
700 1 _aKERCHELICH, KAREN
260 _a[S.N] :
_bC R C PRESS, INC ،
_c1995
300 _a1347 P
650 0 4 _aENGLISH ABBERVIATIONS
650 0 4 _aDICTIONARIES
650 0 4 _aABBREVATIONS
942 _2ddc
_cBK
999 _c12952
_d12952